O coelhinho que não era de Páscoa (Record no. 157482)

MARC details
000 -LÍDER
campo de controle de tamanho fixo 00313 a2200121 4500
001 - NÚMERO DE CONTROLE
campo de controle 157482
040 ## - FONTE DA CATALOGAÇÃO
Instituição que transcreveu o registro Escola São Tomás de Aquino
100 ## - ENTRADA PRINCIPAL--NOME PESSOAL
Nome pessoal ROCHA, Ruth
240 10 - TÍTULO UNIFORME
Título uniforme O coelhinho que não era de Páscoa
Idioma da obra por
245 10 - TÍTULO
Título O coelhinho que não era de Páscoa
697 ## - ENTRADA DE ASSUNTO LOCAL--ENTIDADE COLETIVA (RLIN)
Nome corporativo ou nome da jurisdição *LITERATURA INFANTO
942 ## - ELEMENTOS DE ENTRADA ADICIONADOS (KOHA)
Tipo de material Koha Livros
Holdings
Situação do descarte Situação das perdas Situação física Não pode ser emprestado Biblioteca de origem Biblioteca atual Data de aquisição Total de empréstimos Número de chamada completo Código de barras Data de último acesso Data do último empréstimo Data do preço efetivo Tipo de material Koha
        ESTA - SÃO BENTO ESTA - SÃO BENTO 30/04/2024 1 028.52 ROC COE EST00012451 03/07/2024 06/05/2024 30/04/2024 Livros